000 00796nam a22002057a 4500
999 _c11942
_d11942
003 AR-CdUCM
008 190405b ||||| |||| 00| 0 spa d
040 _aMUNICIPALIDAD PROVINCIAL DEL CUSCO
_cBIBLIOTECA MUNICIPAL DEL CUSCO
082 _a868.6 /
_bV19 / 1920
100 _aValle Inclám, Ramón del
_929561
245 _aFarsa de la enamorada del rey :
_bDividida en tres jornadas /
260 _aMadrid :
_bAmbos mundos,
_c1920.
300 _a149 páginas ;
_c17 cm.
505 _aContenido : Jornada -- Decoración -- Farsa de la enamorada del rey jornada primera -- Jornada segunda -- Decoración -- Farsa de la enamorada del rey segunda parte ...
650 _aLiteratura
_983
650 _aEspañol
_97869
650 _aMadrid
_9586
942 _2ddc
_cLIBROS
945 _arah
_d05/04/2019